| 000 | 00655nam a2200229 a 4500 | ||
|---|---|---|---|
| 001 | 30260 | ||
| 003 | BD-RjUL | ||
| 005 | 20211209051533.0 | ||
| 008 | 140409s2003 ii | d||| 000 0 eng d | ||
| 020 |
_a8177542044 _c: IRs. 495.00 |
||
| 035 | _a(BD-RjUL)30345 | ||
| 040 |
_aBD-RjUL _beng _cBD-RjUL |
||
| 041 | _aeng | ||
| 082 | 0 | 0 |
_a635.03 _bPRA 2003 _223 |
| 100 | 1 |
_aPrasad, Surendra. _991996 |
|
| 245 | 1 | 0 |
_aAgro's Dictionary of Horticulture / _cSurendra Prasad. |
| 250 | _a3rd rev. ed. | ||
| 260 |
_aJodhpur : _bAgrobios (India), _cc2003. |
||
| 300 |
_a[8], 392 p. ; _c23 cm. |
||
| 650 | 0 |
_aHorticulture _vDictionaries. _991997 |
|
| 942 |
_2ddc _cREF |
||
| 999 |
_c30260 _d30260 |
||